Statistiques concernant 15 principaux pays touchés par Covid-19 - 27 fév 2021

Cliquez ici pour prendre le quiz!

Statistiques générales

  • Ce quiz a été pris 18 fois
  • Le résultat moyen est 15 sur 27

Statistiques - réponses

pays% Correct
Espagne
100%
Etats-Unis
100%
France
100%
Italie
100%
Brésil
94%
Allemagne
88%
Inde
88%
Russie
82%
Argentine
76%
Belgique
76%
Mexique
76%
Royaume-Uni
76%
Pays-Bas
65%
Pologne
59%
Turquie
59%
Colombie
53%
Suède
53%
Portugal
47%
Iran
41%
Suisse
41%
Lituanie
18%
Slovénie
18%
Tchèquie
18%
Israël
12%
Bahreïn
0%
Géorgie
0%
Panama
0%

Distribution des résultats

Percentile par nombre de réponses

% des personnes avec chaque résultat

Votre développement - résultats

Vous n’avez pas pris ce quiz